000 00608nam a2200217Ia 4500
005 20260429112101.0
008 260429s9999||||xx |||||||||||||| ||und||
020 _a9788126938834
041 _aEnglish
082 _a150.1519
_bMOH
100 _aMohanty, Banamali
245 0 _aStatistics for behavioural and social sciences /
_cBanamali Mohanty
250 _a1st ed.
260 _aNew Delhi :
_bAtlantic Publishers and Distributors,
_c2025.
300 _axviii, 995 p.; hb
650 _a Behaviour
650 _a Social sciences
650 _aStatistics
700 _a misra, Santa
942 _cTB
999 _c52269
_d52269